Quel pays pour ces codes internationaux ? (6) - Statistiques

Statistiques générales
  • Ce quiz a été pris 27 fois
  • Le résultat moyen est 9 sur 20
Statistiques - réponses
Codes Pays % Correct
SEN / SG / 6V / GO / SN Sénégal
100%
TS / DT / TN / TUN / tn Tunisie
87%
SE / EC / HC / ECU Equateur
74%
SL / BO / CP / BOL / bo Bolivie
65%
IC / ISL / TF / BI / IS Islande
65%
HT / TZ / 5H / TZN / tz Tanzanie
61%
YL / EV / LV / LG / LVA Lettonie
57%
OB / SP / PE / PER Pérou
57%
PM / PLW / PAL / PW / pw Palaos
52%
HB / BI / 9U / BY / BDI Burundi
48%
bj / BEN / BN / DB / TY Bénin
43%
CN / COM / FM KM Comores
39%
HB / LI / LIE / LS / li Liechtenstein
39%
ME / MNE / me / 4O / LY Monténégro
30%
ZAF / SF / ZS / FA / ZA Afrique-du-Sud
17%
TM / TLS / PK / TL / WP Timor oriental
17%
PT / FM / V6 / FM / FSM Micronésie
13%
CE / LKA / lk / 4R / CL Sri Lanka
13%
RM / MHL / V7 / PK / MH Marshall
9%
SL / SLE / GF / 9L / sl Sierra Leone
9%
Aucun quiz correspondant
Distribution des résultats
% des personnes avec chaque résultat
Percentile par nombre de réponses
Votre historique - résultats
Vous n’avez pas pris ce quiz